00408nam a2200133Ia 4500008004100000020001800041041000800059082001500067100003400082245009700116250000600213260004200219300001300261210716s2015 xx 000 0 und d a9788120350854 aeng a152.4 MANS aMangal, S K; Mangal, Shubhra. aEmotional intelligence: managing emotions to win in life.bManaging emotions to win in life. a1 aNew DelhibPHI Learning Pvt Ltdc2015 axvii,310